| 000 | 004260000a22001690004500 | ||
|---|---|---|---|
| 003 | MACL | ||
| 005 | 20160107120849.0 | ||
| 008 | 160107b xxu||||| |||| 00| 0 eng d | ||
| 040 |
_aMACL _cMACL |
||
| 041 | _aEnglish | ||
| 082 | _a821/RAG | ||
| 100 |
_aRaghavan, V _912370 |
||
| 245 | _aA Concordance of kalidasa's Poems | ||
| 260 |
_bUniversity of Madras _c1952 _aMadras |
||
| 650 |
_aPoem _927793 |
||
| 942 |
_cBK _k821/Rag _2ddc |
||
| 999 |
_c35476 _d35476 |
||